Butterworths Law Reports : Labour Law (Record no. 1391)

MARC details
000 -LEADER
fixed length control field 00496nam a22001697a 4500
005 - DATE AND TIME OF INPUT
control field 20240228121221.0
008 - DATA ELEMENTS--GENERAL INFORMATION
fixed length control field 240228b |||||||| |||| 00| 0 eng d
022 ## - INTERNATIONAL STANDARD SERIAL NUMBER
International Standard Serial Number 10233806
041 ## - LANGUAGE CODE
Language code of text English
082 ## - SHELF NUMBER
DDC number 349 BUT
100 ## - MAIN AUTHOR
Language of a work English
245 ## - TITLE STATEMENT
Title Butterworths Law Reports : Labour Law
260 ## - PUBLICATION, DISTRIBUTION, ETC.
Place of publication, distribution, etc. Durban :
Name of publisher, distributor, etc. LexisNexis Butterworth,
Date of publication, distribution, etc. January 2004 No 1
300 ## - PHYSICAL DESCRIPTION
Other physical details xiv, 102 pages ;
Dimensions 25 cm.
650 ## - SUBJECT`
Broad subject Legal practice
Own subject terms Law
942 ## - ADDED ENTRY ELEMENTS (KOHA)
Item type Books
942 ## - ADDED ENTRY ELEMENTS (KOHA)
-- ALISON_BN_VRIES
Holdings
Source of classification or shelving scheme Volume number (bound volume or other part) Not for loan Collection code Home library Current library Shelving location Date acquired Full call number Barcode Price effective from Koha item type
Dewey Decimal Classification January 2004 No 1   SERIES LAW SOCIETY OF NAMIBIA LIBRARY - WINDHOEK LAW SOCIETY OF NAMIBIA LIBRARY - WINDHOEK Butterworths law reports (Labor law) 02/28/2024 349 BUT LSN/2023/472 02/28/2024 Books
Dewey Decimal Classification February 2004 No 2   SERIES LAW SOCIETY OF NAMIBIA LIBRARY - WINDHOEK LAW SOCIETY OF NAMIBIA LIBRARY - WINDHOEK Butterworths law reports (Labor law) 02/28/2024 349 BUT LSN/2023/473 02/28/2024 Books
Dewey Decimal Classification March 2004 No 3   SERIES LAW SOCIETY OF NAMIBIA LIBRARY - WINDHOEK LAW SOCIETY OF NAMIBIA LIBRARY - WINDHOEK Butterworths law reports (Labor law) 02/28/2024 349 BUT LSN/2023/474 02/28/2024 Books
Dewey Decimal Classification April 2004 No 4   SERIES LAW SOCIETY OF NAMIBIA LIBRARY - WINDHOEK LAW SOCIETY OF NAMIBIA LIBRARY - WINDHOEK Butterworths law reports (Labor law) 02/28/2024 349 BUT LSN/2023/475 02/28/2024 Books
Dewey Decimal Classification May 2004 No 5   SERIES LAW SOCIETY OF NAMIBIA LIBRARY - WINDHOEK LAW SOCIETY OF NAMIBIA LIBRARY - WINDHOEK Butterworths law reports (Labor law) 02/28/2024 349 BUT LSN/2023/476 02/28/2024 Books
Dewey Decimal Classification June 2004 No 6   SERIES LAW SOCIETY OF NAMIBIA LIBRARY - WINDHOEK LAW SOCIETY OF NAMIBIA LIBRARY - WINDHOEK Butterworths law reports (Labor law) 02/28/2024 349 BUT LSN/2023/477 02/28/2024 Books
Dewey Decimal Classification July 2004 No 6   SERIES LAW SOCIETY OF NAMIBIA LIBRARY - WINDHOEK LAW SOCIETY OF NAMIBIA LIBRARY - WINDHOEK Butterworths law reports (Labor law) 02/28/2024 349 BUT LSN/2023/478 02/28/2024 Books
Dewey Decimal Classification August 2004 No 8   SERIES LAW SOCIETY OF NAMIBIA LIBRARY - WINDHOEK LAW SOCIETY OF NAMIBIA LIBRARY - WINDHOEK Butterworths law reports (Labor law) 02/28/2024 349 BUT LSN/2023/479 02/28/2024 Books
Dewey Decimal Classification September 2004 No 9   SERIES LAW SOCIETY OF NAMIBIA LIBRARY - WINDHOEK LAW SOCIETY OF NAMIBIA LIBRARY - WINDHOEK Butterworths law reports (Labor law) 02/28/2024 349 BUT LSN/2023/480 02/28/2024 Books
Dewey Decimal Classification October 2004 No 10   SERIES LAW SOCIETY OF NAMIBIA LIBRARY - WINDHOEK LAW SOCIETY OF NAMIBIA LIBRARY - WINDHOEK Butterworths law reports (Labor law) 02/28/2024 349 BUT LSN/2023/481 02/28/2024 Books
Dewey Decimal Classification November 2004 No 11   SERIES LAW SOCIETY OF NAMIBIA LIBRARY - WINDHOEK LAW SOCIETY OF NAMIBIA LIBRARY - WINDHOEK Butterworths law reports (Labor law) 02/28/2024 349 BUT LSN/2023/482 02/28/2024 Books
Dewey Decimal Classification December 2004 No 11   SERIES LAW SOCIETY OF NAMIBIA LIBRARY - WINDHOEK LAW SOCIETY OF NAMIBIA LIBRARY - WINDHOEK Butterworths law reports (Labor law) 02/28/2024 349 BUT LSN/2023/483 02/28/2024 Books